000 00289nam a22001337a 4500
008 190306b xxu||||| |||| 00| 0 eng d
020 _a2900077861833
041 _aeng
080 _213th
_a159.9
100 _a49
101 _aPSI
245 _aChildren
_cSantrock, J,W
942 _2udc
_cBK
999 _c54653
_d54653